Стратегический менеджмент для университетов; Высшее образование сегодня; № 1

Dades bibliogràfiques
Parent link:Высшее образование сегодня: научно-практический журнал.— , 2001-.— 1726-667X
№ 1.— 2004.— С. 2-7
Autor principal: Князев Е. А.
Sumari:Высшее образование в документах: Журнал в журнале
Idioma:rus
Publicat: 2004
Col·lecció:Императив модернизации: наука управлять
Matèries:
Format: MixedMaterials Capítol de llibre
KOHA link:https://koha.lib.tpu.ru/cgi-bin/koha/opac-detail.pl?biblionumber=390543

MARC

LEADER 00000naa2a2200000 4500
001 390543
005 20231101064001.0
035 |a (RuTPU)RU\TPU\prd\23690 
090 |a 390543 
100 |a 20040310a2004 k y0rusy50 ca 
101 0 |a rus 
102 |a RU 
200 1 |a Стратегический менеджмент для университетов  |f Е. А. Князев 
225 1 |a Императив модернизации: наука управлять 
300 |a Высшее образование в документах: Журнал в журнале 
320 |a Библиогр.: 13 назв. 
461 1 |0 (RuTPU)RU\TPU\prd\1307  |x 1726-667X  |t Высшее образование сегодня  |o научно-практический журнал  |d 2001- 
463 1 |0 (RuTPU)RU\TPU\prd\22694  |t № 1  |v С. 2-7  |d 2004 
610 1 |a стратегический менеджмент 
610 1 |a стратегическое управление 
610 1 |a университеты 
610 1 |a предпринимательская деятельность 
610 1 |a инструментарий 
700 1 |a Князев  |b Е. А. 
801 1 |a RU  |b 63413507  |c 20040310  |g PSBO 
801 2 |a RU  |b 63413507  |c 20140730  |g RCR 
942 |c BK